| 000 | 00386cam a2200157ua 4500 | ||
|---|---|---|---|
| 020 | _cRS.1.50 | ||
| 041 |
_amal _h |
||
| 082 |
_a894.8121 _bHAR/PA |
||
| 100 | _aHarisarma, . | ||
| 245 | 0 | 0 |
_aPazhaya Pattukal / _cHarisarma. _hTextual Documents |
| 260 |
_a : _bSahithya pravarthaka , _c1961. |
||
| 300 | _a148 ; . | ||
| 365 | _aRS.1.50 | ||
| 504 | _a | ||
| 999 |
_c11671 _d11671 |
||